[Event "Rio de Janeiro Motta Memorial 2nd"]
[Site "Rio de Janeiro"]
[Date "2018.02.27"]
[Round "2"]
[White "Perez, Bruno Garcia"]
[Black "Loyola, Sidney"]
[Result "1/2-1/2"]
[WhiteElo "1921"]
[BlackElo "1963"]
[PlyCount "97"]
[EventDate "2018.02.20"]
[EventType "swiss"]
[EventRounds "6"]
[EventCountry "BRA"]
[SourceTitle "CBM 183 Extra"]
[Source "ChessBase"]
[SourceDate "2018.04.19"]
[SourceVersion "1"]
[SourceVersionDate "2018.04.19"]
[SourceQuality "1"]

1. e4 c5 2. c3 d5 3. e5 g6 4. d4 Bg7 5. Nf3 cxd4 6. cxd4 Nc6 7. Nc3 Nh6 8. Qb3 e6 9. Bg5 Qa5 10. Bb5 0-0 11. Bd2 Qb4 12. Qxb4 Nxb4 13. 0-0 a6 14. Be2 Nc6 15. Rfd1 Bd7 16. Bd3 b5 17. Ne2 Rfc8 18. Rac1 Nf5 19. g4 Nfe7 20. h4 f6 21. exf6 Bxf6 22. h5 gxh5 23. g5 Bg7 24. Kg2 e5 25. dxe5 Nxe5 26. Rxc8+ Rxc8 27. Nxe5 Bxe5 28. Nf4 Bxb2 29. Nxh5 Bg4 30. Rh1 Ng6 31. f3 Bxh5 32. Rxh5 Be5 33. Rh1 Rc7 34. a4 bxa4 35. Rb1 Nf4+ 36. Bxf4 Bxf4 37. Ra1 Rc3 38. Rxa4 Bxg5 39. Bxa6 Bf6 40. Bb7 d4 41. Be4 Rc7 42. Ra3 Kg7 43. Rd3 Rc3 44. Rxc3 dxc3 45. Kh3 h6 46. Kg2 Bg5 47. Kg3 Bd2 48. f4 Kf6 49. Kg4 1/2-1/2

[Event "Rio de Janeiro De Souza Memorial 1st"]
[Site "Rio de Janeiro"]
[Date "2017.10.03"]
[Round "6"]
[White "Lima, Juarez Antonio A de"]
[Black "Loyola, Sidney"]
[Result "1-0"]
[WhiteElo "1949"]
[BlackElo "1823"]
[PlyCount "163"]
[EventDate "2017.08.29"]
[EventType "swiss"]
[EventRounds "6"]
[EventCountry "BRA"]
[SourceTitle "CBM 189 Extra"]
[Source "ChessBase"]
[SourceDate "2019.06.03"]
[SourceVersion "1"]
[SourceVersionDate "2019.06.03"]
[SourceQuality "1"]

1. e4 c6 2. Nf3 d5 3. exd5 cxd5 4. Be2 Bg4 5. 0-0 Nf6 6. d4 e6 7. Nbd2 Bd6 8. h3 Bh5 9. c4 0-0 10. c5 Be7 11. Qc2 Nc6 12. a3 a5 13. Bb5 Qc7 14. Re1 Rfc8 15. Bxc6 Qxc6 16. Qb3 Nd7 17. Qc3 a4 18. b4 axb3 19. Nxb3 b6 20. Ne5 Nxe5 21. Rxe5 Bg6 22. Bb2 bxc5 23. dxc5 Bxc5 24. Rc1 Bxf2+ 25. Kxf2 Qxc3 26. Bxc3 Rxa3 27. Bb2 Rxc1 28. Nxc1 Ra4 29. Re2 Be4 30. Nb3 Ra2 31. g3 h5 32. Nc5 Bf5 33. h4 f6 34. Nb7 e5 35. Rd2 d4 36. Nd6 Bg6 37. Kf3 f5 38. Nc4 e4+ 39. Kf4 e3 40. Rxd4 e2 41. Bc3 Ra1 42. Ne5 Kh7 43. Kg5 e1Q 44. Bxe1 Rxe1 45. Nxg6 Re3 46. g4 Rg3 47. Kxf5 Rf3+ 48. Ke4 hxg4 49. Ne5 Rh3 50. Nxg4 Rxh4 51. Kf5 Rh5+ 52. Kf4 Rh1 53. Rd7 Rf1+ 54. Kg5 Rg1 55. Kf5 Rf1+ 56. Ke6 Rf3 57. Ne5 Rf6+ 58. Kd5 Rf1 59. Ke6 Rf6+ 60. Ke7 Rf5 61. Rd5 Rh5 62. Kf8 Rf5+ 63. Ke7 Rh5 64. Ke6 Rh6+ 65. Kf5 Rf6+ 66. Kg5 Rf1 67. Rd3 Rg1+ 68. Ng4 Rh1 69. Rd7 Rf1 70. Ne5 Rg1+ 71. Kf5 Rf1+ 72. Ke6 Rf6+ 73. Ke7 Rf5 74. Rd5 Rh5 75. Ke6 Rh6+ 76. Kf5 Rf6+ 77. Kg5 Rf1 78. Rd2 Rg1+ 79. Kh4 Re1 80. Nf3 Re4+ 81. Kh5 Re3 82. Ng5+ 1-0